|
|
|
|
| LEADER |
02480nam a2200421 i 4500 |
| 001 |
nkc20233524185 |
| 003 |
CZ PrNK |
| 005 |
20260206104642.0 |
| 007 |
ta |
| 008 |
230607s2023 xr a g 000 f cze |
| 015 |
|
|
|a cnb003524185
|
| 020 |
|
|
|a 978-80-908504-5-3
|q (brožováno)
|
| 035 |
|
|
|a (OCoLC)1402155052
|
| 040 |
|
|
|a ABG001
|b cze
|d ABA001
|e rda
|
| 072 |
|
7 |
|a 821.162.3-3
|x Česká próza
|2 Konspekt
|9 25
|
| 080 |
|
|
|a 821.162.3-31
|2 MRF
|
| 080 |
|
|
|a (0:82-311.6)
|2 MRF
|
| 100 |
1 |
|
|a Lefkovits, Ivan,
|d 1937-
|7 mzk2002112059
|4 aut
|
| 245 |
1 |
0 |
|a 1923 /
|c Ivan Lefkovits
|
| 246 |
3 |
|
|a Devatenáct set dvacet tři
|
| 246 |
3 |
|
|a Tisíc devět set dvacet tři
|
| 250 |
|
|
|a Vydání první
|
| 264 |
|
1 |
|a Praha :
|b Kodudek :
|b Knihovna Petra Pitharta,
|c 2023
|
| 300 |
|
|
|a 318 stran :
|b barevné ilustrace ;
|c 20 cm
|
| 336 |
|
|
|a text
|b txt
|2 rdacontent
|
| 337 |
|
|
|a bez média
|b n
|2 rdamedia
|
| 338 |
|
|
|a svazek
|b nc
|2 rdacarrier
|
| 500 |
|
|
|a Podnázev na doplňkové titulní stránce: historická faktografická fikce
|
| 520 |
2 |
|
|a Pozoruhodný literární debut šestaosmdesátiletého československého imunologa žijícího ve švýcarském exilu umně spojuje literární fikci s historickými událostmi mladé republiky.
|b Praha před sto lety. Místo i čas počátku příběhu jsou přesně stanoveny. Brzy však vyjde najevo, že se před námi prolínají příběhy nejméně tři. Především přípravy oslav pátého výročí vzniku Československa za účasti politických, hospodářských a kulturních elit a jejich úvahy o budování státu. Souběžně s tím se rozvíjí velkorysý plán státního nákupu moderního francouzského umění, při němž dvě výrazné osobnosti - Vincenc Kramář a Alois Rašín - dokázaly využít příznivé souhry domácích i mezinárodních okolností. A zároveň dobrodružství dvou přátel, Jiřího Winklera a Pavla Rohana, hlavních, čistě literárních postav, neboť většina osob účinkujících v ději jsou lidé, kteří mají své skutečné historické předobrazy. Nakladatelská anotace. Kráceno.
|
| 655 |
|
7 |
|a české romány
|7 fd133974
|2 czenas
|
| 655 |
|
7 |
|a historické romány
|7 fd132414
|2 czenas
|
| 655 |
|
9 |
|a Czech fiction
|2 eczenas
|
| 655 |
|
9 |
|a historical novels
|2 eczenas
|
| 910 |
2 |
|
|a BOA001
|b 1-1545.169
|
| 920 |
|
|
|a 4710648
|z ABG001
|
| 990 |
|
|
|a BK
|
| 995 |
|
|
|a 01
|
| 996 |
6 |
|
|b 2611004650
|c 1-1545.169
|l MZK
|r Sklad / do 1 hodiny
|n 1
|p p.v.
|w 002006785
|u 000010
|a 1
|e BOA001
|j MZK50
|s P
|